000 02083nam a22002417a 4500
999 _c60158
_d60158
003 Ge_BSU
005 20230614115423.0
008 230614s2023 ge ||||| |||| 00| 0 geo d
041 _ageo
080 _a33 კ-91
100 _aკუპატაძე, კახა
_918688
245 _aსაგადასახადო მენეჯმენტის მექანიზმების სრულყოფისა და სტრატეგიული ტრანსფორმაციის შესაძლებლობები :
_bდისერტაცია /
_cკახა კუპატაძე; სამეცნიერო ხელმძღვანელი რეზო მანველიძე, გიორგი ღავთაძე; ბსუ. ეკონომიკისა და ბიზნესის ფაკულტეტი. ბიზნსის ადმინისტრირების, მენეჯმენტის და მარკეტინგის დარგობრივი დეპარტამენტი.
264 _aბათუმი,
_c2023.
300 _a160 გვ. ;
_b30 სმ.
504 _aბიბლიოგრ. გვ. 154-160
653 _aეკონომიკა
653 _aსაგადასახადო მენეჯმენტი
653 _aბიზნესის ადმინისტრირება
700 _aმანველიძე, რეზო
_eსამეცნიერო ხელმძღვანელი
_91497
700 _aღავთაძე, გიორგი
_eსამეცნიერო ხელმძღვანელი
_9846
710 _aბსუ.
_bეკონომიკისა და ბიზნესის ფაკულტეტი. ბიზნსის ადმინისტრირების, მენეჯმენტის და მარკეტინგის დარგობრივი დეპარტამენტი.
_918689
942 _2udc
_cDS